Nárok na odchodné
Odchodné je jednorazová odmena za dlhoročnú prácu, spojená s odchodom zo zamestnania na dôchodok a je upravená Zákonníkom práce. Minimálna výška odchodného. Výplata odchodného.
Na minha lista:
| Autor principal: | |
|---|---|
| Formato: | Capítulo de Livro |
| Idioma: | eslovaco |
| Assuntos: | |
| Tags: |
Sem tags, seja o primeiro a adicionar uma tag!
|
MARC
| LEADER | 00000naa a2200000 4500 | ||
|---|---|---|---|
| 001 | 0177152 | ||
| 005 | 20231120134026.9 | ||
| 041 | 0 | |a slo | |
| 044 | |a SK | ||
| 245 | 1 | 0 | |a Nárok na odchodné |c Mária Klincová |
| 520 | |a Odchodné je jednorazová odmena za dlhoročnú prácu, spojená s odchodom zo zamestnania na dôchodok a je upravená Zákonníkom práce. Minimálna výška odchodného. Výplata odchodného. | ||
| 610 | 2 | 0 | |a skončenie pomeru pracovného |
| 610 | 2 | 0 | |a odmeny |
| 610 | 2 | 0 | |a dôchodky starobné |
| 100 | 1 | |a Klincová, Mária | |